| Tag |
First Indicator |
Second Indicator |
Subfields |
| LEADER |
00000nam a2200000 4500 |
| 001 |
in00004175021 |
| 005 |
20200807083233.0 |
| 006 |
m g d |
| 007 |
cr bn |||a|bb| |
| 008 |
921019s1566 enk o 00| | roa d |
| 035 |
|
|
|a (UnM)99856595
|
| 037 |
|
|
|a CL0036000016
|b ProQuest. 789 E. Eisenhower Parkway, Ann Arbor, MI 48108-3218
|
| 040 |
|
|
|a Cu-RivES
|c Cu-RivES
|d CStRLIN
|e dcrb
|d WaOLN
|
| 245 |
1 |
0 |
|a De termino Trinitatis anno regni regis Henrici octaui. XII.
|
| 246 |
2 |
|
|a De termino Trinitatis anno regni regis Henrici octavi. XII
|
| 246 |
2 |
|
|a De termino Trinitatis anno regni regis Henrici octavi. XII.
|
| 246 |
2 |
|
|a De termino Michaelis anno XIIII. Henrici octaui.
|
| 246 |
2 |
|
|a De termino Michaelis anno XIIII. Henrici octavi.
|
| 260 |
|
|
|a [Imprinted at London :
|b In Fletestrete within Temple Barre at the signe of the hand [and] starre, by Richard Tottell,
|c 1566]
|
| 300 |
|
|
|a 1 online resource (xxxi, [1] leaves
|
| 336 |
|
|
|a text
|b txt
|2 rdacontent
|
| 337 |
|
|
|a computer
|b c
|2 rdamedia
|
| 338 |
|
|
|a online resource
|b cr
|2 rdacarrier
|
| 500 |
|
|
|a Law reports for 12 Henry VIII (Trinity and Michaelmas terms), 13 Henry VIII (Easter and Trinity terms), and 14 Henry VIII (Michaelmas, Hilary, and Easter terms).
|
| 500 |
|
|
|a Text in Law French.
|
| 500 |
|
|
|a Caption title.
|
| 500 |
|
|
|a Imprint from colophon.
|
| 500 |
|
|
|a In two parts; register and foliation continuous.
|
| 500 |
|
|
|a The last leaf is blank.
|
| 500 |
|
|
|a Reproduction of the original in the Harvard University. Library.
|
| 510 |
4 |
|
|a STC (2nd edition)
|c 9939.
|
| 510 |
3 |
|
|a Beale, J.H. Engl. law, R423.
|
| 533 |
|
|
|a Electronic reproduction.
|b Ann Arbor, Mich. :
|c UMI,
|d 1999-
|f (Early English books online)
|n Digital version of: (Early English books, 1475-1640 ; 537:04)
|7 s1999 miun s
|
| 650 |
|
0 |
|a Law reports, digests, etc.
|z Great Britain.
|
| 651 |
|
4 |
|a Great Britain
|v Periodicals.
|
| 830 |
|
0 |
|a Early English books online.
|
| 856 |
4 |
0 |
|u http://proxy.library.tamu.edu/login?url=https://search.proquest.com/docview/2240885938
|z Connect to the full text of this electronic book
|t 0
|
| 999 |
f |
f |
|s fecd8445-4407-3e0d-b862-9b30b23d9037
|i 8176ca80-21fb-3b49-a76b-731981fc6d9b
|t 0
|
| 952 |
f |
f |
|a Texas A&M University
|b College Station
|c Electronic Resources
|d Available Online
|t 0
|h No information provided
|
| 998 |
f |
f |
|t 0
|l Available Online
|